00365nam a2200133 a 45000010010000000030011000100080041000210350026000620820018000881000019001062450027001252600055001526500024002070000-9175ELIB.Books110520 1957  a(ELIB.Books)0000-9327 a268.433 bTax aTaxi, Henry N. aVentures in Youth Work bPeunsylvaxia: The Christian Education Press c1957 aChristian Education